000 00507nam a2200193Ia 4500
005 20250326123635.0
008 250326s9999 xx 000 0 und d
037 _aTextbook
040 _aFMSL
_beng
_cFMSL
041 _aeng
_2eng
084 _aD6:78oaX:8 L0
_qFMSL
100 _aBeer S
245 0 _aCybernetics and management
_cBeer S
250 _a2
260 _aLondon
_bLondon, English Univ.
_c1970
300 _a240p
942 _cTB
_hD6:78oaX:8 L0
999 _c1270284
_d1270284